| 000 | 00701nam a2200289Ia 4500 | ||
|---|---|---|---|
| 008 | 170711s9999 xx 000 0 und d | ||
| 020 | _a816522375 | ||
| 050 | _a811.54 | ||
| 050 | _bSa161 2003 | ||
| 100 | _aSalazar, Dixie | ||
| 245 | _aBlood mysteries / | ||
| 245 | _cby Dixie Salazar. | ||
| 260 | _aUSA : | ||
| 260 | _bArizona Press, | ||
| 260 | _c2003 | ||
| 300 | _a100 pages : | ||
| 300 | _billustrations ; | ||
| 300 | _c23cm. | ||
| 500 | _aIncludes bibliographic reference. | ||
| 650 | _aBiculturalism -- | ||
| 650 | _aWomen -- | ||
| 650 | _aWomen prisoners -- | ||
| 650 | _xPoetry. | ||
| 650 | _xPoetry. | ||
| 650 | _xSocial conditions -- Poetry. | ||
| 700 | _aTitle. | ||
| 999 |
_c339781 _d339781 |
||